|
|
|
|
| LEADER |
00640cam a2200181 7i4500 |
| 001 |
0000011374 |
| 005 |
20220119090000.0 |
| 022 |
0 |
0 |
|a 139444630
|
| 090 |
0 |
0 |
|a CD 641.3025
|b FED (M)
|
| 245 |
0 |
0 |
|a FMM Industry directory :
|b food & beverage 2002.
|
| 250 |
0 |
0 |
|a 2nd ed..
|
| 260 |
0 |
0 |
|a Kuala Lumpur:
|b FMM,
|c 2002.
|
| 300 |
# |
# |
|a Electronic computer optical disc (CD-ROM).
|
| 650 |
0 |
0 |
|a Food industry and trade --
|x Directories --
|z Malaysia
|
| 650 |
0 |
0 |
|a Beverage industry --
|x Directories --
|z Malaysia
|
| 651 |
0 |
0 |
|a Malaysia
|
| 710 |
2 |
1 |
|a Federation of Malaysian Manufacturers (FMM)
|
| 999 |
|
|
|a CDR000051H
|b CD-ROM
|c AV Collection
|e Business Information Centre
|